| 000 | 00885nam a2200253Ia 4500 | ||
|---|---|---|---|
| 001 | 21631 | ||
| 005 | 20260320113300.0 | ||
| 008 | 260320s9999||||xx |||||||||||||| ||und|| | ||
| 041 | _aESP | ||
| 082 |
_a338.17498 _bM61 |
||
| 100 |
_a _e |
||
| 110 | _aPerú. Ministerio de Comercio Exterior y Turismo | ||
| 245 | 0 |
_aPlan estratégico nacional exportador 2003-2013 (PENX) : _bplan operativo exportador forestal-maderable |
|
| 246 |
_a _5 _b |
||
| 260 |
_a[Lima] : _bMinisterio de Comercio Exterior y Turismo _c2004 |
||
| 300 |
_a74 páginas : _bcuadrros, gráficos ; _c30 cm. _e |
||
| 440 |
_a _n _v |
||
| 650 | _aCIS | ||
| 653 | _aEconomía; Producción; Exportación - Perú | ||
| 654 | _aCAN | ||
| 700 |
_a _c |
||
| 856 |
_uhttps://login.ucsp.lookproxy.com/login?url=https://search.ebscohost.com/login.aspx _zVéase además: Base de datos EBSCOhost |
||
| 942 |
_cLIB _dJUS _fTRC _2ddc _n |
||
| 999 |
_c21631 _d21631 |
||